<?xml version="1.0" encoding="UTF-8"?>
<record
    xmlns:xsi="http://www.w3.org/2001/XMLSchema-instance"
    xsi:schemaLocation="http://www.loc.gov/MARC21/slim http://www.loc.gov/standards/marcxml/schema/MARC21slim.xsd"
    xmlns="http://www.loc.gov/MARC21/slim">

  <leader>00841nab a2200229 uc4500</leader>
  <controlfield tag="001">913337</controlfield>
  <controlfield tag="005">20240223085627.0</controlfield>
  <controlfield tag="008">050309e20040805                    spa  </controlfield>
  <datafield tag="035" ind1=" " ind2=" ">
    <subfield code="a">913337</subfield>
  </datafield>
  <datafield tag="035" ind1=" " ind2=" ">
    <subfield code="a">(OCoLC)820306885</subfield>
  </datafield>
  <datafield tag="040" ind1=" " ind2=" ">
    <subfield code="c">comduadb</subfield>
  </datafield>
  <datafield tag="041" ind1=" " ind2=" ">
    <subfield code="a">spa</subfield>
  </datafield>
  <datafield tag="100" ind1="1" ind2="0">
    <subfield code="a">G&#xF3;mez L&#xF3;pez, V&#xED;ctor</subfield>
    <subfield code="4">aut</subfield>
    <subfield code="e">aut</subfield>
    <subfield code="9">372940</subfield>
  </datafield>
  <datafield tag="245" ind1="1" ind2="0">
    <subfield code="a">Diabetes mellitus e hipertension arterial. Costo en estudios de laboratorio</subfield>
  </datafield>
  <datafield tag="650" ind1=" " ind2="7">
    <subfield code="a">Diabetes mellitus tipo 2</subfield>
    <subfield code="2">dcs</subfield>
    <subfield code="9">133780</subfield>
  </datafield>
  <datafield tag="650" ind1=" " ind2=" ">
    <subfield code="a">Hipertensi&#xF3;n</subfield>
    <subfield code="9">175474</subfield>
  </datafield>
  <datafield tag="650" ind1=" " ind2=" ">
    <subfield code="a">Ex&#xE1;menes de laboratorio</subfield>
    <subfield code="9">108422</subfield>
  </datafield>
  <datafield tag="700" ind1="1" ind2="0">
    <subfield code="a">Navarrete Escobar, Arturo</subfield>
    <subfield code="4">aut</subfield>
    <subfield code="e">aut</subfield>
    <subfield code="9">535441</subfield>
  </datafield>
  <datafield tag="700" ind1="1" ind2="0">
    <subfield code="a">Garcia Ruiz, Martha</subfield>
    <subfield code="4">aut</subfield>
    <subfield code="e">aut</subfield>
    <subfield code="9">394934</subfield>
  </datafield>
  <datafield tag="773" ind1="0" ind2=" ">
    <subfield code="t">Revista M&#xE9;dica del Instituto Mexicano del Seguro Social  (M&#xE9;xico)</subfield>
    <subfield code="g">Vol. 42, No. 04, Jul.-Ago. 2004, p. 331-335</subfield>
    <subfield code="w">332961</subfield>
    <subfield code="x">0443-5117</subfield>
    <subfield code="0">108785</subfield>
  </datafield>
  <datafield tag="942" ind1=" " ind2=" ">
    <subfield code="c">ARIMP</subfield>
  </datafield>
  <datafield tag="999" ind1=" " ind2=" ">
    <subfield code="c">344087</subfield>
    <subfield code="d">344087</subfield>
  </datafield>
</record>
